000 00392pab a2200157 454500
008 180718b2013 xxu||||| |||| 00| 0 eng d
100 _aSekhon, Jagrup Singh
245 _aThe cutting edge: Experience of living in border areas
260 _c2013
300 _ap.57-70.
362 _aSep
650 _aBorder disputes
773 _aMan and Development
908 _aN
909 _a101807
999 _c101805
_d101805